La formación de América del Norte desde los tiempos primitivos hasta 1763
Saved in:
| Format: | Book |
|---|---|
| Language: | Spanish |
| Published: |
Madrid
Alianza
1983
|
| Series: | El Libro de Bolsillo
|
| Subjects: | |
| Tags: |
Add Tag
No Tags, Be the first to tag this record!
|
MARC
| LEADER | 00000nam a2200000 a 4500 | ||
|---|---|---|---|
| 001 | UCO0662 | ||
| 003 | CL-VaPUC | ||
| 008 | 000428e19830000SP |||||||||||||||||spa|d | ||
| 082 | 0 | 4 | |a 970 |b ASI |2 21 |
| 245 | 1 | 3 | |a La formación de América del Norte desde los tiempos primitivos hasta 1763 |
| 300 | |a 277 p | ||
| 942 | |c BK | ||
| 945 | |d 20000428 00:00:00 |a crobeson | ||
| 260 | |a Madrid |b Alianza |c 1983 | ||
| 650 | 7 | |a HISTORIA NORTEAMERICANA |2 CL-VaPUC |9 353788 | |
| 650 | 0 | |a Culturas precolombinas |9 408769 | |
| 650 | 7 | |a DESCUBRIMIENTO DE AMERICA |2 CL-VaPUC |9 442034 | |
| 650 | 0 | |a Colonización |9 265172 | |
| 651 | 7 | |a AMERICA DEL NORTE |2 CL-VaPUC |9 311278 | |
| 583 | |a last modification |c 20000428 00:00:00 |k Rodrigo Vera | ||
| 490 | 0 | |a El Libro de Bolsillo | |
| 999 | |c 287310 |d 287308 | ||
| 952 | |0 0 |1 0 |4 0 |6 970_000000000000000_ASI_1983 |7 0 |8 A |9 334130 |a BIBHIS |b BIBHIS |d 2019-11-20 |i 1271377 |o 970 ASI 1983 |p 1271377 |r 2025-01-20 |w 2019-11-20 |y BK |k HIS | ||